Fast Typing A to Z - Whammies - Statistics

General Stats
  • This quiz has been taken 139 times
  • The average score is 20 of 26
Answer Stats
Answer % Correct
A
99%
B
97%
C
96%
D
91%
E
91%
F
90%
G
87%
H
86%
I
84%
J
83%
K
83%
L
81%
M
80%
N
76%
O
73%
P
73%
Q
73%
R
70%
S
70%
T
70%
U
69%
V
67%
W
64%
X
60%
Z
60%
Y
59%
No matching quizzes found
Score Distribution
Percent of People with Each Score
Percentile by Number Answered
Your Score History
You have not taken this quiz